| 000 | 00840nam a2200253 i 4500 | ||
|---|---|---|---|
| 003 | DO-SdBNP | ||
| 005 | 20260414142030.0 | ||
| 007 | ta | ||
| 008 | 260216b1944 sp ||||| |||| 00| 0 spa d | ||
| 040 |
_aDO-SdBNP _bspa _cBNPHU _erda |
||
| 041 | _aspa | ||
| 082 | 4 |
_axxx _bD671c _222 |
|
| 110 | 2 | _4Dominicos | |
| 245 | 1 | 0 |
_aDoctrina cristiana en lengua española y mexicana por los religiosos de la Orden de Santo Domingo / _cprólogo, Don Ramón Méndez Pidal. |
| 264 |
_aMadrid : _bEdiciones Cultura Hispánica, _c1944. |
||
| 300 |
_axxii, x-[cliii] f. ; _c29 cm |
||
| 336 |
_atexto _btxt _2rdacontent |
||
| 337 |
_asin mediación _bn _2rdamedia |
||
| 338 |
_avolumen _bnc _2rdacarrier |
||
| 490 | 0 |
_aColección de incunables americanos _v1 |
|
| 700 | 1 |
_aMéndez Pidal, Ramón, _eprologuista _4pr. _989020 |
|
| 910 | _aLP | ||
| 942 |
_2ddc _cLBS1 |
||
| 999 |
_c60323 _d60323 |
||